000 00570cam a2200205ua 4500
001 3457
005 20260515113659.0
008 111116n ii |||gr||||Z||||||asm
040 _cMAIN
082 _a891.4513
100 _aBezborah, Nirajana Mahanta,
_eEdited.,
245 1 1 _aJeevanar bichitra rang
_ced. by Nirajana Mahanta Bezbora
250 _a1st.
260 _aDibrugarh:
_bKaustubh Printers,
_c2005.
300 _a209p:
_c23cm.
653 _aAssamese novel
653 _aJeevanar bichitra rang
700 _aChoudhury, Subasana Mahanta,
_eEdited.
942 _cBK
999 _c3298
_d3298